03354 2200253 4500001002100000005001500021035002000036007000300056008004100059020002200100082001000122084001600132100002400148245005600172300001700228650002100245700002500266520269400291264003602985336002103021337001903042338002303061990001603084INLIS00000000000006520260413101829 a0010-0426000064ta260413 g m jpn  a978-979-756-846-7 a005.3 a005.3 IRW e0 aIrwan isePengarang1 aEvaluasi pengontrolan sistem informasi /cIrwan Isa a220 ;c23 cm 4aProgram komputer0 aIrwan IsaePengarang aAutomation telah memberikan peranan yang penting baik bagi instansi swasta maupun pemerintahan Di setiap perkantoran akan dapat terlihat bahwa komputer memegang peranan sangat penting dalam melakukan tugas perkantoran Dengan meningkatnya transaksi teknik baru untuk pemrosesan secara otomatis dan luasnya interaksi antarsistem maka instansi instansi terkait sangat tergantung dengan otomatisasi Meningkatnya ketergantungan dengan kemajuan teknologi menyebabkan risiko ancaman keamanan terhadap otomatisasi dan komputerisasi semakin meningkat dan kebutuhan akan tindakan keamanan yang efektif semakin meningkat Sudah tidak asing lagi untuk diketahui bahwa pergerakan di bidang teknologi berjalan sangat pesat sehingga sistem sekuriti yang pada awalnya telah dirancang dengan baik mungkin saat ini sudah tidak seaman seperti beberapa tahun yang lalu Sistem informasi beserta informasi di dalamnya adalah aset paling besar dan penting yang patut dilindungi diawasi dan dikontrol Oleh karena itu sangatlah berguna apabila keamanan sistem beserta sistem pengontrolannya setiap berapa tahun lebih sering lebih baik dievaluasi dan diperbaiki atau ditingkatkan di mana perlu Buku ini lebih memfokuskan pada kemungkinan kemungkinan ancaman terhadap sistem informasi yang dapat terjadi atau telah terjadi berdasarkan pengalaman dan best practices Automation telah memberikan peranan yang penting, baik bagi instansi swasta maupun pemerintahan. Di setiap perkantoran akan dapat terlihat bahwa komputer memegang peranan sangat penting dalam melakukan tugas perkantoran. Dengan meningkatnya transaksi, teknik baru untuk pemrosesan secara otomatis dan luasnya interaksi antarsistem maka instansi-instansi terkait sangat tergantung dengan otomatisasi. Meningkatnya ketergantungan dengan kemajuan teknologi menyebabkan risiko ancaman keamanan terhadap otomatisasi dan komputerisasi semakin meningkat dan kebutuhan akan tindakan keamanan yang efektif semakin meningkat. Sudah tidak asing lagi untuk diketahui bahwa pergerakan di bidang teknologi berjalan sangat pesat sehingga sistem sekuriti yang pada awalnya telah dirancang dengan baik, mungkin saat ini sudah tidak seaman seperti beberapa tahun yang lalu. Sistem informasi beserta informasi di dalamnya adalah aset paling besar dan penting yang patut dilindungi, diawasi, dan dikontrol. Oleh karena itu, sangatlah berguna apabila keamanan sistem beserta sistem pengontrolannya setiap berapa tahun (lebih sering lebih baik) dievaluasi dan diperbaiki atau ditingkatkan di mana perlu. Buku ini lebih memfokuskan pada kemungkinan-kemungkinan ancaman terhadap sistem informasi yang dapat terjadi atau telah terjadi berdasarkan pengalaman dan best practices. aYogyakarta :bGraja Ilmu,c2012 2rdacontentaTeks 2rdamediaaBuku 2rdacarrieraVolume aPP000132/19